El Español y el Náhuatl : (Record no. 39479)
[ view plain ]
| 000 -CABECERA | |
|---|---|
| campo de control de longitud fija | 00700nam a2200157 a 4500 |
| 001 - NÚMERO DE CONTROL | |
| campo de control | 000039989 |
| 005 - FECHA Y HORA DE LA ÚLTIMA TRANSACCIÓN | |
| campo de control | 20201002033842.0 |
| 008 - DATOS DE LONGITUD FIJA--INFORMACIÓN GENERAL | |
| campo de control de longitud fija | 130802s2010 mx 000 0 spa d |
| 020 ## - NÚMERO INTERNACIONAL ESTÁNDAR DEL LIBRO | |
| Número Internacional Estándar del Libro | 9786070218439 |
| 040 ## - FUENTE DE LA CATALOGACIÓN | |
| Centro catalogador/agencia de origen | DO-SdBNP |
| Lengua de catalogación | spa |
| Centro/agencia transcriptor | BNPHU |
| 100 1# - ENTRADA PRINCIPAL--NOMBRE DE PERSONA | |
| Nombre de persona | Johansson, Patrickautor |
| 9 (RLIN) | 66215 |
| 245 13 - MENCIÓN DE TÍTULO | |
| Título | El Español y el Náhuatl : |
| Resto del título | encuentros, desencuentros y reencuentros : discurso de ingreso a la Academia Mexicana de la Lengua, 26 de agosto de 2010 / |
| Mención de responsabilidad, etc. | Patrick Johansson ; respuesta de Miguel León-Portilla. |
| 260 ## - PUBLICACIÓN, DISTRIBUCIÓN, ETC. | |
| Lugar de publicación, distribución, etc. | México : |
| Nombre del editor, distribuidor, etc. | Dirección General de Publicaciones y Fomento Editorial : |
| -- | Academia Mexicana de la Lengua, |
| Fecha de publicación, distribución, etc. | 2010. |
| 300 ## - DESCRIPCIÓN FÍSICA | |
| Extensión | 69 p. ; |
| Dimensiones | 2010. |
| 700 1# - PUNTO DE ACCESO ADICIONAL--NOMBRE DE PERSONA | |
| Nombre de persona | León-Portilla, Miguel |
| 9 (RLIN) | 42636 |
| Estado de retiro | Estado de pérdida | Restricciones de uso | No para préstamo | Código de colección | Localización permanente | Ubicación/localización actual | Ubicación en estantería | Fecha de adquisición | Número de inventario | Total de préstamos | Signatura topográfica completa | Código de barras | Fecha visto por última vez | Precio válido a partir de | Tipo de ítem Koha | Número de copia |
|---|---|---|---|---|---|---|---|---|---|---|---|---|---|---|---|---|
| Excluido de préstamo | Monografías: Libros y Folletos | General | General | En catalogación | 02.08.2013 | LF1 | 39989-10 | 25.06.2020 | 25.06.2020 | No se presta | ||||||
| Excluido de préstamo | Monografías: Libros y Folletos | General | General | En catalogación | 02.08.2013 | LF1 | 39989-20 | 25.06.2020 | 25.06.2020 | No se presta | e. 3 | |||||
| Préstamo interno | Préstamo restrigido | Monografías: Libros y Folletos | General | General | En catalogación | 02.08.2013 | LF1 | 39989-30 | 25.06.2020 | 25.06.2020 | Préstamo interno | e. 2 |
